[Event "EU School Chess Cup U15"]
[Site "Budva"]
[Date "2018.10.07"]
[Round "4"]
[White "Prishchenko, Andrey"]
[Black "Ivanovic, Tara"]
[Result "1-0"]
[WhiteElo "1428"]
[BlackElo "1085"]
[PlyCount "57"]
[EventDate "2018.10.04"]
[EventType "swiss"]
[EventRounds "5"]
[EventCountry "MNE"]
[SourceTitle "CBM 187 Extra"]
[Source "ChessBase"]
[SourceDate "2018.11.04"]
[SourceVersion "1"]
[SourceVersionDate "2018.11.04"]
[SourceQuality "1"]

1. e4 e5 2. Nf3 Nf6 3. Nc3 Bb4 4. d3 Nc6 5. a3 Bc5 6. Bg5 h6 7. Bxf6 Qxf6 8. Nd5 Qd8 9. Nxe5 Nxe5 10. d4 Bxd4 11. Qxd4 f6 12. Be2 d6 13. f4 Nc6 14. Bh5+ Kf8 15. Qe3 f5 16. 0-0 Be6 17. Rae1 Bxd5 18. exd5 Ne7 19. Qe6 g6 20. Bxg6 Nxg6 21. Qxg6 Qd7 22. Re6 Rh7 23. Qxf5+ Qf7 24. Rf6 Qxf6 25. Qxf6+ Kg8 26. Rf3 Rg7 27. Qxh6 Rf8 28. Rh3 Kf7 29. Qe6# 1-0